Statistics for United Kingdom Geography by Letter F - Picture Quiz

Click here to take the quiz!

General Stats

  • This quiz has been taken 252 times
    (182 since last reset)
  • The average score is 6 of 15

Answer Stats

Answer% Correct
Falkland Islands
91%
New {Forest}
88%
Barrow in {Furness}
73%
{Forth} Rail Bridge
69%
Falmouth
61%
Felixstowe
44%
{Fingal's} Cave
43%
{Flamingo} Land
43%
Filey
41%
{Falkirk} Wheel
33%
{Ffestiniog} Railway
13%
Foula
11%
Lough {Foyle}
10%
{Flannan} Isles
4%
Flat Holm
3%

Score Distribution

Percentile by Number Answered

Percent of People with Each Score

Your Score History

You have not taken this quiz since the last reset